| 000 | 00723cab a2200229 4500 | ||
|---|---|---|---|
| 001 | WB3508-20 | ||
| 008 | 090401t1999 xxu||||| |||| 00| 0 eng d | ||
| 035 | _a(Sirsi) u91561 | ||
| 041 | _aeng | ||
| 245 | _aHome groups invest in renewal | ||
| 260 | _c1999 | ||
| 350 | _a0 | ||
| 490 |
_aPlanning (for the Natural and Built Environment) _v(1306) 19 February 1999, 7(1) |
||
| 520 | _aThe government prepares to introduce a change in the law which will allow housing associations to invest in regeneration projects. | ||
| 650 | _aHOUSING ASSOCIATIONS | ||
| 650 | _aHOUSING DEVELOPMENT | ||
| 650 | _aHOUSING FINANCE | ||
| 650 | _aREGENERATION PROGRAMMES | ||
| 690 | _aHOUSING | ||
| 942 | _n0 | ||
| 948 | _c24/02/1999 | ||
| 999 |
_c58135 _d58135 |
||